Management Accounting (Record no. 345212)
[ view plain ]
| 000 -LEADER | |
|---|---|
| fixed length control field | 00455 a2200169 4500 |
| 020 ## - INTERNATIONAL STANDARD BOOK NUMBER | |
| International Standard Book Number | 0130328995 |
| 022 ## - INTERNATIONAL STANDARD SERIAL NUMBER | |
| International Standard Serial Number | 9780130328991 |
| 082 ## - DEWEY DECIMAL CLASSIFICATION NUMBER | |
| Classification number | 658.151122 |
| 090 ## - LOCALLY ASSIGNED LC-TYPE CALL NUMBER (OCLC); LOCAL CALL NUMBER (RLIN) | |
| -- | 2721 |
| -- | 2721 |
| 100 ## - MAIN ENTRY--PERSONAL NAME | |
| Personal name | Anthony,A.Atkinson |
| 245 ## - TITLE STATEMENT | |
| Title | Management Accounting |
| Statement of responsibility, etc. | Anthony A.Atkinson |
| 250 ## - EDITION STATEMENT | |
| Edition statement | International edition |
| 260 ## - PUBLICATION, DISTRIBUTION, ETC. | |
| Place of publication, distribution, etc. | New Jersey |
| Name of publisher, distributor, etc. | Prentice Hall International,Inc. |
| Date of publication, distribution, etc. | 2001 |
| 300 ## - PHYSICAL DESCRIPTION | |
| Extent | 595p |
| 500 ## - GENERAL NOTE | |
| General note | Paper cover |
| 942 ## - ADDED ENTRY ELEMENTS (KOHA) | |
| Institution code [OBSOLETE] | NBS |
| Koha item type | Book |
| Call number prefix | 658.151122 ATK |
| Withdrawn status | Lost status | Damaged status | Not for loan | Permanent Location | Current Location | Date acquired | Total Checkouts | Full call number | Barcode | Date last seen | Price effective from | Koha item type |
|---|---|---|---|---|---|---|---|---|---|---|---|---|
| Central Library (CL) | Central Library (CL) | 08/28/2013 | 658.151122 ATK | NBS7609 | 07/08/2014 | 08/28/2013 | Book |
